| 000 | 00613nam a22001697a 4500 | ||
|---|---|---|---|
| 999 |
_c190136 _d190136 |
||
| 005 | 20220719111639.0 | ||
| 010 | _aENG-133686 | ||
| 020 |
_c600.00 _a9788190881920 |
||
| 035 | _aEN-117218 | ||
| 037 | _bDBAD/PUB | ||
| 082 | _a370.95414 | ||
| 245 |
_aLessons In Living: _bStories from the life of Triguna Sen/ |
||
| 260 |
_aKolkata _bThe national council of education _c2018 |
||
| 270 |
_a188, Raja subodh chandra mullick road _bKolkata _e700032 _mncebengal@gmail.com _k913324146282 |
||
| 300 |
_a226p. _c24cm(pbk) _bBiographical notes, Acknowledgements & index |
||
| 942 |
_2ddc _cEN _h370.95414 _mLES |
||